Statistiques concernant Chanteurs français de A à Z

Cliquez ici pour prendre le quiz!

Statistiques générales

  • Ce quiz a été pris 1 167 fois
  • Le résultat moyen est 11 sur 26

Statistiques - réponses

LettreIndiceRéponse% Correct
AUn temps que les moins de vingt ans....Charles Aznavour
92%
I(Groupe) Et la lune s'est moqué de moiIndochine
89%
OLucie, lucie dépêche-toiPascal Obispo
73%
RMoi la mer elle m'a pris comme on prend un taxiRenaud
71%
T(Groupe) Elle part.....Jolie petite histoireTéléphone
71%
CLes étoiles entre elles ne parlent que de toiFrancis Cabrel
68%
VUn truc qui m'colle encore au coeur et au corpsLaurent Voulzy
56%
KIl me dit que je suis bellePatricia Kaas
55%
BJe te veux si tu veux de moiDaniel Balavoine
50%
MElle était maquillée comme une star de cinéEddy Mitchell
48%
ENuit tu me fais peurElsa
43%
NCécile, ma filleClaude Nougaro
39%
DC'était bien, c'était chouetteMichel Delpech
34%
HTombé du cielJacques Higelin
33%
FUn jour ou l'autre il faudra qu'il y ait la guerreNino Ferrer
29%
Q--
22%
U--
22%
X--
22%
Y--
22%
Z--
22%
SLe vent de Belgique transportait de la musiqueAlain Souchon
22%
PN'oublie jamais ça, toi et moiMichel Polnareff
22%
W(groupe) Si j'avais l'portefeuille de Manu ChaoWampas
22%
JLes palaces, les restaurants, on faisait que passer d'vantMichel Jonasz
15%
GLaisse-toi au gré du courant porter dans le lit du torrentSerge Gainsbourg
14%
LForger l'acier rouge avec mes mains d'orBernard Lavilliers
12%

Distribution des résultats

Percentile par nombre de réponses

% des personnes avec chaque résultat

Votre développement - résultats

Vous n’avez pas pris ce quiz